Tratado sobre los principios de la teología / (Record no. 173034)

MARC details
000 -LEADER
campo de control de longitud fija 00863nam a2200229 i 4500
001 - NÚMERO DE CONTROL
campo de control 173034
003 - IDENTIFICADOR DE NÚMERO DE CONTROL
campo de control ES-MaACL
005 - FECHA Y HORA DE LA ÚLTIMA TRANSACCIÓN
campo de control 20250801201906.0
008 - DATOS DE LONGITUD FIJA--INFORMACIÓN GENERAL
campo de control de longitud fija 091015s1957 ag |||| | spa d
080 ## - NÚMERO DE LA CLASIFICACIÓN DECIMAL UNIVERSAL
Número de la Clasificación Decimal Universal 23
100 0# - ENTRADA PRINCIPAL--NOMBRE DE PERSONA
Nombre de persona William of Ockham.
9 (RLIN) 116904
245 10 - MENCIÓN DEL TÍTULO
Título Tratado sobre los principios de la teología /
Mención de responsabilidad, etc. Occam ; traducción del latín, prólogo y notas de Luis Farré.
260 ## - PUBLICACIÓN, DISTRIBUCIÓN, ETC.
Lugar de publicación, distribución, etc. Buenos Aires ;
-- Madrid :
Nombre del editor, distribuidor, etc. Aguilar,
Fecha de publicación, distribución, etc. 1957.
300 ## - DESCRIPCIÓN FÍSICA
Extensión 158 p. ;
Dimensiones 16 cm.
490 1# - MENCIÓN DE SERIE
Mención de serie Biblioteca de iniciación filosófica ;
Designación de volumen o secuencia 58
594 ## - Nota al título y mención de responsabilidad
Nota al título y mención de responsabilidad Traducción de: Tractatus de principiis theologiae.
650 07 - PUNTO DE ACCESO ADICIONAL DE MATERIA--TÉRMINO DE MATERIA
Término de materia o nombre geográfico como elemento de entrada Teología
Fuente del encabezamiento o término embne
9 (RLIN) 17457
700 1# - ENTRADA AGREGADA--NOMBRE PERSONAL
Nombre de persona Farré, Luis.
9 (RLIN) 48885
830 0# - PUNTO DE ACCESO ADICIONAL DE SERIE-TÍTULO UNIFORME
Título uniforme Biblioteca de iniciación filosófica ;
Designación de volumen o secuencia 58
9 (RLIN) 181447
852 4# - LOCALIZACIÓN
Ubicación ES-MaACL
Número de control de estantería E-13042
itemnumber R.139288 . -
Nota libre Biblioteca Jacinto Martínez Lacalle
Holdings
Estatus retirado Estado de pérdida Estado de daño No para préstamo Biblioteca de origen Biblioteca actual Ubicación en estantería Fecha de adquisición Fuente de adquisición Total de préstamos Signatura topográfica completa Código de barras Visto por última vez Precio de reemplazo Tipo de ítem Koha
        Biblioteca del Ateneo de Madrid Biblioteca del Ateneo de Madrid Depósito 2 15/10/2009     E-13042 1181564 23/02/2023 23/02/2023 Libro impreso